| 000 | 00621nam a2200229 i 4500 | ||
|---|---|---|---|
| 001 | 9025 | ||
| 003 | ES-MaACL | ||
| 005 | 20230906145603.0 | ||
| 007 | t| | ||
| 008 | 930201s1991 sp ||||1| spa d | ||
| 020 | _a84-86152-76-3 | ||
| 080 | _a616-097 | ||
| 245 | 0 | 0 |
_aInmunología / _cautores, Enric Buendía Gracia... [et al.]. |
| 260 |
_aMadrid : _bLuzán 5, _cD.L. 1991. |
||
| 300 |
_a507 : _bil. ; _c24 cm. |
||
| 490 | 1 | _aPregrado | |
| 650 | 4 |
_aInmunología. _913787 |
|
| 700 | 1 |
_aBuendía Gracia, Enric. _932370 |
|
| 830 | 0 |
_aPregrado _9178352 |
|
| 852 |
_aES-MaACL _jL-16473 _bR.121072 |
||
| 999 |
_c9025 _d9025 |
||